书目信息 |
| 题名: |
保护人类之友--动物
|
|
| 作者: | 张世义 编著 | |
| 分册: | ||
| 出版信息: | 北京 中国环境科学出版社 2001.03 |
|
| 页数: | 181页 | |
| 开本: | 19cm | |
| 丛书名: | 保护人类家园丛书 | |
| 单 册: | ||
| 中图分类: | X , X174 | |
| 科图分类: | ||
| 主题词: | 环境科学 , 劳动?0 , a安全学 , 环境生物学 | |
| 电子资源: | ||
| ISBN: | 7-80135-073-1 | |
| 000 | 00768nam0 2200265 45 | |
| 001 | 8061841808 | |
| 005 | 1980010417104044 | |
| 010 | @a7-80135-073-1@dRMB 7.20 | |
| 100 | @a19800104d km y0chiy0120 ea | |
| 101 | 0 | @achi |
| 102 | @aCN@b110000 | |
| 200 | 1 | @a保护人类之友--动物@Abao hu ren lei zhi you--dong wu@f张世义编著@Fzhang shi yi bian zhu |
| 210 | @a北京@c中国环境科学出版社@d2001.03 | |
| 215 | @a181页@d19cm | |
| 225 | 2 | @a保护人类家园丛书 |
| 410 | 0 | @12001 @a保护人类家园丛书 |
| 606 | 0 | @a环境科学 |
| 606 | 0 | @a劳动?0 |
| 606 | @@@@@@@@@@@@@a安全学 | |
| 606 | 0 | @a环境生物学 |
| 690 | @@@@@@@@@@@@@aX@v3 | |
| 690 | @aX174@v4 | |
| 701 | 0 | @a张世义@Azhang shi yi@4编著 |
| 801 | 0 | @@@@@@@@@@@@@aCN@bPFT@c19800104 |
| 905 | @@@@@@@@@@@@@a@dX174@eZ170 | |
| 保护人类之友--动物/张世义编著.-北京:中国环境科学出版社,2001.03 |
| 181页;19cm.-(保护人类家园丛书) |
| ISBN 7-80135-073-1:RMB 7.20 |
| ● |
| 相关链接 |
|
|
|
正题名:保护人类之友--动物
索取号:X174/Z170
 
预约/预借
| 序号 | 登录号 | 条形码 | 馆藏地/架位号 | 状态 | 备注 |
| 1 | 370508 | 203705080 | 自科库501/501自科库 63排5列5层/ [索取号:X174/Z170] | 在馆 | |
| 2 | 370509 | 203705099 | 自科库501/501自科库 63排5列5层/ [索取号:X174/Z170] | 在馆 | |
| 3 | 370510 | 203705106 | 自科库501/501自科库 63排5列5层/ [索取号:X174/Z170] | 在馆 |